Dance and Ritual of Early Hinduism/ (Record no. 187360)

MARC details
000 -LEADER
fixed length control field 00560nam a22001817a 4500
005 - DATE AND TIME OF LATEST TRANSACTION
control field 20220413120212.0
010 ## - LCCN (DPL NO)
LC control number ENG-132301
020 ## - INTERNATIONAL STANDARD BOOK NUMBER
International Standard Book Number 9789386078247
Terms of availability 670.00
035 ## - SYSTEM CONTROL NUMBER
System control number EN-115833
037 ## - SOURCE OF ACQUISITION
Source of stock number/acquisition DBAD/PUB
082 ## - DEWEY DECIMAL CLASSIFICATION NUMBER
Classification number 294.5513
100 ## - MAIN ENTRY--PERSONAL NAME
Personal name Yadav, Vivek
245 ## - TITLE STATEMENT
Title Dance and Ritual of Early Hinduism/
Statement of responsibility, etc Vivek Yadav
260 ## - PUBLICATION, DISTRIBUTION, ETC. (IMPRINT)
Place of publication, distribution, etc Delhi
Name of publisher, distributor, etc Prakashan Kendra
Date of publication, distribution, etc 2018
270 ## - ADDRESS
City Delhi
Address 1/11955, First Floor oad No. 65 Subhash Marg, Shahdara
Postal code 110032
300 ## - PHYSICAL DESCRIPTION
Extent 176p.
Other physical details Bibliography
Dimensions 22cm(hbk)
942 ## - ADDED ENTRY ELEMENTS (KOHA)
Source of classification or shelving scheme Dewey Decimal Classification
Item type English Books
Call number suffix YAD
Classification part 294.5513
Holdings
Withdrawn status Lost status Not for loan Collection code Home library Current library Date acquired Source of acquisition Cost, normal purchase price Full call number Barcode Copy number Cost, replacement price Koha item type
      Non-fiction Central Library Central Library 13/04/2022 DBAD/PUB 670.00 294.5513 YAD EN-115833 1 670.00 English Books

© Delhi Public Library
Hit Counter
free hit counter